| 000 | 00000nam##2200000za#4500 |
| 001 | 9.697383 |
| 003 | CaOODSP |
| 005 | 20210624235445 |
| 007 | cr ||||||||||| |
| 008 | 150407|1975||||xxc|||||o f|0| 0 eng|d |
| 040 | |aCaOODSP|beng |
| 043 | |an-cn--- |
| 086 | 1 |aA43-915/1975E-PDF |
| 110 | 1 |aCanada.|bAgriculture Canada.|bResearch Branch. |
| 245 | 10|aDiseases, insects and mites of stone fruits / |h[electronic resource]|c[by] G. Gordon Dustan and Thomas R. Davidson. |
| 250 | |aRevised 1973 |
| 260 | |aOttawa - Ontario : |bAgriculture Canada. |c[First] printed 1954; c1975. |
| 300 | |a64p.|bphotographs |
| 500 | |aHistorical publication digitized by Agriculture and Agri-Food Canada. |
| 590 | |a13-17-Supp|b2013-07-25 |
| 690 | 07|aPests|2gcpds |
| 690 | 07|aFruits|2gcpds |
| 690 | 07|aInsects|2gcpds |
| 775 | 08|tMaladies, insectes et acariens des fruits à noyau / |w(CaOODSP)9.641976 |
| 856 | 40|ahttp://publications.gc.ca|qPDF|s3.88 MB|uhttps://publications.gc.ca/collections/collection_2013/aac-aafc/agrhist/A43-915-1975-eng.pdf |
| 986 | |a915 |